Signers of the US Declaration of Independence - Statistics

General Stats
  • This quiz has been taken 9 times
  • The average score is 8 of 56
Answer Stats
Colony Signatory % Correct
Massachusetts Bay John Adams
100%
Massachusetts Bay Samuel Adams
100%
Pennsylvania Benjamin Franklin
75%
Massachusetts Bay John Hancock
75%
Virginia Thomas Jefferson
75%
Pennsylvania James Smith
63%
North Carolina John Penn
50%
Connecticut William Williams
38%
Virginia Benjamin Harrison
25%
Virginia Francis L. Lee
25%
Pennsylvania James Wilson
25%
Virginia Richard H. Lee
25%
Rhode Island Stephen Hopkins
25%
Virginia Thomas Nelson, Jr.
25%
Georgia Button Gwinnett
13%
South Carolina Edward Rutledge
13%
New Jersey Francis Hopkinson
13%
Pennsylvania George Taylor
13%
Virginia George Wythe
13%
New York Lewis Morris
13%
Pennsylvania Robert Morris
13%
New Jersey Abraham Clark
0%
South Carolina Arthur Middleton
0%
Pennsylvania Benjamin Rush
0%
Delaware Caeser Rodney
0%
Virginia Carter Braxton
0%
Maryland Charles Carroll
0%
Massachusetts Bay Elbridge Gerry
0%
New York Francis Lewis
0%
Pennsylvania George Clymer
0%
Delaware George Read
0%
Pennsylvania George Ross
0%
Georgia George Walton
0%
New Jersey John Hart
0%
Pennsylvania John Morton
0%
New Jersey John Witherspoon
0%
North Carolina Joseph Hewes
0%
New Hampshire Josiah Bartlett
0%
Georgia Lyman Hall
0%
New Hampshire Matthew Thornton
0%
Connecticut Oliver Wolcott
0%
New York Philip Livingston
0%
New Jersey Richard Stockton
0%
Massachusetts Bay Robert T. Paine
0%
Connecticut Roger Sherman
0%
Maryland Samuel Chase
0%
Connecticut Samuel Huntington
0%
South Carolina Thomas Heyward, Jr.
0%
South Carolina Thomas Lynch, Jr.
0%
Delaware Thomas McKean
0%
Maryland Thomas Stone
0%
Rhode Island William Ellery
0%
New York William Floyd
0%
North Carolina William Hooper
0%
Maryland William Paca
0%
New Hampshire William Whipple
0%
No matching quizzes found
Score Distribution
Percent of People with Each Score
Percentile by Number Answered
Your Score History
You have not taken this quiz